00315nam a2200109Ia 4500008004100000041000800041082001900049100001800068245005300086260005800139300000800197231228s1998 xx 000 0 und d aeng a658.15'99bLAL aLAL (Subhash) aInternational Finance and Investments Strategies aNew DelhibAnmol Publications Pvt Ltd New Delhic1998 a302